[Event "Voronezh Region-ch"]
[Site "Voronezh"]
[Date "2018.11.27"]
[Round "5"]
[White "Penkin, Vitali"]
[Black "Davidenko, Evgeny"]
[Result "0-1"]
[WhiteElo "1998"]
[BlackElo "2137"]
[PlyCount "96"]
[EventDate "2018.11.23"]
[EventType "swiss"]
[EventRounds "9"]
[EventCountry "RUS"]
[SourceTitle "CBM 188 Extra"]
[Source "ChessBase"]
[SourceDate "2019.02.26"]
[SourceVersion "1"]
[SourceVersionDate "2019.02.26"]
[SourceQuality "1"]

1. d4 Nf6 2. c4 g6 3. Nc3 Bg7 4. Nf3 d6 5. g3 Nbd7 6. Bg2 e5 7. 0-0 0-0 8. b3 Re8 9. Bb2 Rb8 10. dxe5 dxe5 11. Nb5 a6 12. Na7 Qe7 13. Nxc8 Rbxc8 14. Ne1 e4 15. Nc2 Ne5 16. Ne3 Rcd8 17. Qc2 Nfg4 18. Nxg4 Nxg4 19. Bxg7 Kxg7 20. Bh3 Nh6 21. Rad1 f5 22. Bg2 Ng4 23. h3 Nf6 24. Qc3 Kf7 25. Qc2 c5 26. Kh2 h5 27. Qc1 g5 28. f3 h4 29. gxh4 Rxd1 30. Rxd1 Qe5+ 31. Kg1 exf3 32. Bxf3 Qg3+ 33. Kf1 Qxh3+ 34. Kg1 gxh4 35. Qf4 Rg8+ 36. Kf2 Qg3+ 37. Qxg3 hxg3+ 38. Kg2 Ke7 39. Bxb7 Ng4 40. Re1 Ne3+ 41. Kf3 Nc2 42. Rg1 Nd4+ 43. Kg2 f4 44. e3 fxe3 45. Re1 e2 46. Bf3 Kd6 47. Bxe2 Re8 48. Kf1 g2+ 0-1

[Event "Voronezh Region-ch"]
[Site "Voronezh"]
[Date "2018.11.26"]
[Round "4"]
[White "Davidenko, Evgeny"]
[Black "Popov, Maksim1111"]
[Result "0-1"]
[WhiteElo "2137"]
[BlackElo "1976"]
[PlyCount "88"]
[EventDate "2018.11.23"]
[EventType "swiss"]
[EventRounds "9"]
[EventCountry "RUS"]
[SourceTitle "CBM 188 Extra"]
[Source "ChessBase"]
[SourceDate "2019.02.26"]
[SourceVersion "1"]
[SourceVersionDate "2019.02.26"]
[SourceQuality "1"]

1. e4 c5 2. Nc3 Nc6 3. f4 e6 4. Nf3 d5 5. d3 Nf6 6. e5 d4 7. Ne4 Nd5 8. Be2 Be7 9. 0-0 0-0 10. Qe1 b5 11. Bd2 Bb7 12. Qg3 Rc8 13. Qh3 Ncb4 14. c3 Nc2 15. Rac1 Nce3 16. Bxe3 Nxe3 17. Rf2 Qb6 18. Nfd2 Rfd8 19. Qg3 c4 20. cxd4 Nf5 21. Qg4 cxd3 22. Rxc8 Rxc8 23. Bxd3 Qxd4 24. Qf3 Rc1+ 25. Bf1 Bc5 26. Nxc5 Bxf3 27. Ncb3 Rxf1+ 28. Nxf1 Qb6 29. gxf3 Nh4 30. Nfd2 Qe3 31. Kf1 Qxf4 32. Nc5 Qxe5 33. Nde4 f5 34. Nd3 Qd5 35. Nec5 Nxf3 36. b4 Nd4 37. Kg1 e5 38. h3 Nf3+ 39. Kf1 e4 40. Rxf3 exf3 41. Kf2 g5 42. Kg3 h5 43. h4 f4+ 44. Kf2 g4 0-1

[Event "Voronezh op-B 17th"]
[Site "Voronezh"]
[Date "2013.06.20"]
[Round "9"]
[White "Davidenko, Evgeny"]
[Black "Sitnikov, S."]
[Result "1/2-1/2"]
[WhiteElo "2087"]
[BlackElo "2231"]
[PlyCount "80"]
[EventDate "2013.06.12"]
[EventType "swiss"]
[EventRounds "9"]
[EventCountry "RUS"]
[SourceTitle "EXT 2014"]
[Source "ChessBase"]
[SourceDate "2013.11.20"]
[SourceVersion "1"]
[SourceVersionDate "2013.11.20"]
[SourceQuality "1"]

1. e4 e5 2. Nf3 Nc6 3. Bb5 Nf6 4. 0-0 Nxe4 5. d4 Nd6 6. Bxc6 dxc6 7. dxe5 Nf5 8. Qxd8+ Kxd8 9. Nc3 Bd7 10. a3 c5 11. Bf4 Nd4 12. Rac1 Nxf3+ 13. gxf3 Kc8 14. Bg3 b6 15. f4 Be7 16. f3 h5 17. h4 Be6 18. Kf2 c4 19. Ne4 Kb7 20. Rfd1 Rad8 21. Ke2 a5 22. Nc3 Bf5 23. Ne4 Kc6 24. Be1 g6 25. Bf2 Rxd1 26. Rxd1 Rd8 27. Rxd8 Bxd8 28. Be1 Be7 29. Ke3 Bc5+ 30. Kd2 Bd4 31. c3 Bc5 32. Ng5 Be6 33. Ne4 Be7 34. Bg3 b5 35. Bf2 Bd5 36. Be1 Be6 37. Bf2 Bh3 38. Ke2 Bf5 39. Be1 Kd5 40. Ke3 Kc6 1/2-1/2

[Event "Astrakhan op"]
[Site "Astrakhan"]
[Date "2012.08.20"]
[Round "6"]
[White "Ibragimov, Timur"]
[Black "Davidenko, Evgeny"]
[Result "0-1"]
[WhiteElo "1777"]
[BlackElo "2003"]
[PlyCount "80"]
[EventDate "2012.08.15"]
[EventType "swiss"]
[EventRounds "9"]
[EventCountry "RUS"]
[SourceTitle "CBM 150 Extra"]
[Source "ChessBase"]
[SourceDate "2012.10.19"]
[SourceVersion "1"]
[SourceVersionDate "2012.10.19"]
[SourceQuality "1"]

1. c4 e5 2. Nc3 d6 3. g3 g6 4. Bg2 Bg7 5. e4 Nc6 6. Nge2 Nge7 7. 0-0 0-0 8. d3 Be6 9. Rb1 Qd7 10. Re1 Bh3 11. Bh1 f5 12. f4 Rf7 13. Be3 Raf8 14. Qd2 Nd4 15. Bxd4 exd4 16. Nd5 fxe4 17. dxe4 c5 18. b4 Nxd5 19. cxd5 b6 20. bxc5 bxc5 21. Bg2 Bxg2 22. Kxg2 Re7 23. Ng1 Rfe8 24. Qd3 Qa4 25. Rbc1 Qxa2+ 26. Rc2 Qa4 27. Nf3 Rb8 28. e5 dxe5 29. fxe5 Rb3 30. Qe4 Rxf3 31. Rxc5 Rxe5 32. Rc8+ Rf8 33. Rxf8+ Kxf8 34. Qf4+ Kg8 35. Rxe5 Qc2+ 36. Kg1 Qd1+ 37. Kf2 Bxe5 38. Qxe5 Qd2+ 39. Kg1 Qe3+ 40. Qxe3 dxe3 0-1

[Event "Astrakhan op"]
[Site "Astrakhan"]
[Date "2012.08.19"]
[Round "5"]
[White "Davidenko, Evgeny"]
[Black "Kostin, Alexey"]
[Result "1/2-1/2"]
[WhiteElo "2003"]
[BlackElo "2334"]
[PlyCount "31"]
[EventDate "2012.08.15"]
[EventType "swiss"]
[EventRounds "9"]
[EventCountry "RUS"]
[SourceTitle "CBM 150 Extra"]
[Source "ChessBase"]
[SourceDate "2012.10.19"]
[SourceVersion "1"]
[SourceVersionDate "2012.10.19"]
[SourceQuality "1"]

1. e4 e6 2. d4 d5 3. Nc3 dxe4 4. Nxe4 Nd7 5. Nf3 Ngf6 6. Nxf6+ Nxf6 7. Bg5 Be7 8. Bd3 Nd5 9. Bxe7 Qxe7 10. Qd2 Bd7 11. 0-0-0 h6 12. Be4 0-0-0 13. Bxd5 exd5 14. Qf4 Be6 15. Rhe1 Qd6 16. Qxd6 1/2-1/2

[Event "Astrakhan op"]
[Site "Astrakhan"]
[Date "2012.08.17"]
[Round "3"]
[White "Davidenko, Evgeny"]
[Black "Iljin, Timofey"]
[Result "0-1"]
[WhiteElo "2003"]
[BlackElo "2394"]
[PlyCount "74"]
[EventDate "2012.08.15"]
[EventType "swiss"]
[EventRounds "9"]
[EventCountry "RUS"]
[SourceTitle "CBM 150 Extra"]
[Source "ChessBase"]
[SourceDate "2012.10.19"]
[SourceVersion "1"]
[SourceVersionDate "2012.10.19"]
[SourceQuality "1"]

1. e4 c6 2. d4 d5 3. Nc3 dxe4 4. Nxe4 Nf6 5. Nxf6+ gxf6 6. Be3 Bf5 7. Nf3 Nd7 8. Bd3 e6 9. c3 Bg6 10. Bxg6 hxg6 11. Qb3 Qc7 12. 0-0-0 b5 13. g3 Bd6 14. Ne1 Nb6 15. Nd3 Nd5 16. Kb1 Rh3 17. c4 bxc4 18. Qxc4 Kd7 19. Nc5+ Ke7 20. Qf1 Rah8 21. Qg2 Kf8 22. Nd3 Kg7 23. Rc1 Qa5 24. Nc5 Qb5 25. Ne4 Ba3 26. Rc2 f5 27. Nc5 Nc3+ 28. Ka1 Rxh2 29. Rxh2 Rxh2 30. Qg1 Nd5 31. bxa3 Nxe3 32. Rb2 Qf1+ 33. Qxf1 Nxf1 34. Nb3 Rg2 35. Na5 Nh2 36. Nxc6 Ng4 37. Nxa7 Nxf2 0-1

[Event "Voronezh op-B 15th"]
[Site "Voronezh"]
[Date "2011.06.16"]
[Round "5"]
[White "Davidenko, Evgeny"]
[Black "Egorova, Ayyna"]
[Result "1/2-1/2"]
[WhiteElo "2004"]
[BlackElo "1882"]
[PlyCount "86"]
[EventDate "2011.06.12"]
[EventType "swiss"]
[EventRounds "9"]
[EventCountry "RUS"]
[SourceTitle "CBM 143 Extra"]
[Source "ChessBase"]
[SourceDate "2011.08.29"]
[SourceVersion "1"]
[SourceVersionDate "2011.08.29"]
[SourceQuality "1"]

1. e4 c5 2. Nf3 d6 3. d4 cxd4 4. Nxd4 Nf6 5. Nc3 g6 6. Be3 Bg7 7. f3 0-0 8. Qd2 Nc6 9. 0-0-0 d5 10. Nxc6 bxc6 11. exd5 cxd5 12. Nxd5 Nxd5 13. Qxd5 Qc7 14. Qc5 Qb7 15. Bd4 Bf5 16. Bd3 Rfc8 17. Qa3 Bxd4 18. Bxf5 Bxb2+ 19. Qxb2 Qxb2+ 20. Kxb2 gxf5 21. Rd3 Kg7 22. Rc1 Rc7 23. c4 Rb8+ 24. Rb3 Rd8 25. Rc2 Rd4 26. Rb4 Rc5 27. Kc3 e5 28. Rd2 a5 29. Ra4 Rxd2 30. Kxd2 e4 31. fxe4 fxe4 32. Ke3 f5 33. Kd4 Rc7 34. Rxa5 Kf6 35. h4 f4 36. Ra6+ Kf5 37. Ra5+ Kg4 38. Kxe4 Rxc4+ 39. Kd3 Rc1 40. Ke2 Rc2+ 41. Kf1 Kxh4 42. Ra3 Kg4 43. Kg1 h5 1/2-1/2